Agua de nieve

Shranjeno v:
Bibliografske podrobnosti
Glavni avtor: Espina de Serna, Concha (Author)
Format: Knjiga
Jezik:španščina
Izdano: Madrid Renacimiento 1915
Teme:
Oznake: Označite
Brez oznak, prvi označite!

MARC

LEADER 00000nam a2200000 a 4500
001 UCZ4436
003 CL-VaPUC
008 951109e19150000SP |||||||||||||||||spa|d
082 0 4 |a 863  |b ESP  |2 21 
100 0 |a Espina de Serna, Concha  |e author  |9 348477 
245 1 0 |a Agua de nieve 
300 |a 368 p 
942 |c BK 
945 |d 19951109 00:00:00  |a rleighto 
260 |a Madrid  |b Renacimiento  |c 1915 
650 0 |a Novelas españolas  |9 265052 
583 |a last modification  |c 19951109 00:00:00  |k Rodrigo Vera 
999 |c 240815  |d 240813 
952 |0 0  |1 0  |4 0  |6 863_000000000000000_ESP_1915  |7 0  |8 A  |9 252856  |a BIBEDU  |b BIBEDU  |c ES_NOD  |d 2019-11-18  |i 3148203  |o 863 ESP 1915  |p 3148203  |r 2023-08-09  |w 2019-11-18  |y BK  |k LIT